Optically Anomalous Crystals

Optical anomalies in crystals are puzzles that collectively constituted the greatest unsolved problems in crystallography in the 19th Century. The most common anomaly is a discrepancy between a crystal’s symmetry as determined by its shape or by X-ray analysis, and that determined by monitoring the...

Full description

Bibliographic Details
Main Authors: Shtukenberg, Alexander (Author), Punin, Yurii O. (Author)
Corporate Author: SpringerLink (Online service)
Other Authors: Kahr, Bart (Editor)
Format: Electronic eBook
Language:English
Published: Dordrecht : Springer Netherlands, 2007.
Subjects:
Online Access:Full Text via HEAL-Link
LEADER 03584nam a22005775i 4500
001 978-1-4020-5353-5
003 DE-He213
005 20151204141347.0
007 cr nn 008mamaa
008 100301s2007 ne | s |||| 0|eng d
020 |a 9781402053535  |9 978-1-4020-5353-5 
024 7 |a 10.1007/1-4020-5353-3  |2 doi 
040 |d GrThAP 
050 4 |a QD901-999 
072 7 |a PHFC  |2 bicssc 
072 7 |a SCI016000  |2 bisacsh 
082 0 4 |a 548  |2 23 
100 1 |a Shtukenberg, Alexander.  |e author. 
245 1 0 |a Optically Anomalous Crystals  |h [electronic resource] /  |c by Alexander Shtukenberg, Yurii O. Punin ; edited by Bart Kahr. 
264 1 |a Dordrecht :  |b Springer Netherlands,  |c 2007. 
300 |a VII, 277 p. 38 illus., 22 illus. in color.  |b online resource. 
336 |a text  |b txt  |2 rdacontent 
337 |a computer  |b c  |2 rdamedia 
338 |a online resource  |b cr  |2 rdacarrier 
347 |a text file  |b PDF  |2 rda 
505 0 |a Crystal Optics -- Stress Induced Optical Anomalies -- Kinetic Ordering-Disordering -- Heterogeneous Crystals -- Superimposition of Optical Anomalies. 
520 |a Optical anomalies in crystals are puzzles that collectively constituted the greatest unsolved problems in crystallography in the 19th Century. The most common anomaly is a discrepancy between a crystal’s symmetry as determined by its shape or by X-ray analysis, and that determined by monitoring the polarization state of traversing light. These discrepancies were perceived as a great impediment to the development of the sciences of crystals on the basis of Curie’s Symmetry Principle, the grand organizing idea in the physical sciences to emerge in the latter half of the 19th Century. Optically Anomalous Crystals begins with an historical introduction covering the contributions of Brewster, Biot, Mallard, Brauns, Tamman, and many other distinguished crystallographers. From this follows a tutorial in crystal optics. Further chapters discuss the two main mechanisms of optical dissymmetry: 1. the piezo-optic effect, and 2. the kinetic ordering of atoms. The text then tackles complex, inhomogeneous crystals, and the complex optical properties resulting from the superposition of anomalies having various etiologies. The book treats the literature comprehensively, but uses illustrations from the authors’ laboratories as the subjects of detailed analyses. This is an invaluable text for crystallographers, mineralogists, and petrologists interested in the growth of minerals and synthetic crystals, and their optical properties. It is also ideally suited to students of optical mineralogy, professional scientists and engineers as well as historians of science. 
650 0 |a Physics. 
650 0 |a Inorganic chemistry. 
650 0 |a Mineralogy. 
650 0 |a Solid state physics. 
650 0 |a Crystallography. 
650 0 |a Optics. 
650 0 |a Optoelectronics. 
650 0 |a Plasmons (Physics). 
650 0 |a Materials science. 
650 1 4 |a Physics. 
650 2 4 |a Crystallography. 
650 2 4 |a Mineralogy. 
650 2 4 |a Materials Science, general. 
650 2 4 |a Inorganic Chemistry. 
650 2 4 |a Optics, Optoelectronics, Plasmonics and Optical Devices. 
650 2 4 |a Solid State Physics. 
700 1 |a Punin, Yurii O.  |e author. 
700 1 |a Kahr, Bart.  |e editor. 
710 2 |a SpringerLink (Online service) 
773 0 |t Springer eBooks 
776 0 8 |i Printed edition:  |z 9781402052873 
856 4 0 |u http://dx.doi.org/10.1007/1-4020-5353-3  |z Full Text via HEAL-Link 
912 |a ZDB-2-PHA 
950 |a Physics and Astronomy (Springer-11651)